Pequeño manual de los arboles de Europa (Registro nro. 88867)

Detalles MARC
001 - NÚMERO DE CONTROL
campo de control 95780
005 - FECHA Y HORA DE LA ÚLTIMA TRANSACCIÓN
campo de control 20260506081419.0
008 - DATOS DE LONGITUD FIJA--INFORMACIÓN GENERAL
campo de control de longitud fija 960606nuuuuuuuu spa
020 ## - NÚMERO INTERNACIONAL ESTÁNDAR DEL LIBRO
Número Internacional Estándar del Libro 8428206120
035 ## - NÚMERO DE CONTROL DEL SISTEMA
Número de control de sistema 95780
035 ## - NÚMERO DE CONTROL DEL SISTEMA
Número de control de sistema (OCoLC)778241882
040 ## - FUENTE DE LA CATALOGACIÓN
Centro/agencia transcriptor comduadb
041 ## - CÓDIGO DE LENGUA
Código de lengua del texto/banda sonora o título independiente spa
082 #4 - NÚMERO DE LA CLASIFICACIÓN DECIMAL DEWEY
Número de clasificación 582
100 10 - ENTRADA PRINCIPAL--NOMBRE DE PERSONA
Nombre de persona Mitchell, Alan
Código de función aut
Término indicativo de función/relación Autor/a
9 (RLIN) 280245
245 10 - MENCIÓN DE TÍTULO
Título Pequeño manual de los arboles de Europa
260 ## - PUBLICACIÓN, DISTRIBUCIÓN, ETC.
Lugar de publicación, distribución, etc. Barcelona :
Nombre del editor, distribuidor, etc. Omega.
300 ## - DESCRIPCIÓN FÍSICA
Extensión 95p.:il. color
500 ## - NOTA GENERAL
Nota general Donacion:CIE:Ene./94.
650 #7 - PUNTO DE ACCESO ADICIONAL DE MATERIA--TÉRMINO DE MATERIA
Término de materia o nombre geográfico como elemento de entrada Botánica
Fuente del encabezamiento o término dcs
9 (RLIN) 43733
650 #7 - PUNTO DE ACCESO ADICIONAL DE MATERIA--TÉRMINO DE MATERIA
Término de materia o nombre geográfico como elemento de entrada Árboles
Fuente del encabezamiento o término lemb
9 (RLIN) 9362
650 ## - PUNTO DE ACCESO ADICIONAL DE MATERIA--TÉRMINO DE MATERIA
Término de materia o nombre geográfico como elemento de entrada Europa
9 (RLIN) 5352
942 ## - ELEMENTOS DE ENTRADA AGREGADA (KOHA)
Tipo de ítem Koha Libros
Existencias
Estado de retiro Estado de pérdida Estado dañado No para préstamo Código de colección Localización permanente Ubicación/localización actual Fecha de adquisición Número de inventario Total de préstamos Signatura topográfica completa Código de barras Fecha visto por última vez Número de copia Precio válido a partir de Tipo de ítem Koha
        Colección General Piso 2 Biblioteca Carlos Gaviria Díaz, Campus Medellín Biblioteca Carlos Gaviria Díaz, Campus Medellín 18/06/1996 C148486   582.16 M681p 61000000321790 26/09/2025 1 22/04/2023 Libros